Music groups With Three Word Names - Statistics

General Stats
  • This quiz has been taken 34 times
  • The average score is 5 of 15
Answer Stats
Hint Answer % Correct
The Sign, Life Is A Flower, Don't Turn Around (Sweden) Ace Of Base
86%
Telephone Line, Livin' Thing, Hold On Tight (UK) Electric Light Orchestra
75%
Change, Pale Shelter, Mad World (UK) Tears For Fears
61%
Wishing I Was Lucky, Sweet Little Mystery, Goodnight Girl (UK) Wet Wet Wet
43%
Pick Up The Pieces, Let's Go Round Again, Cut The Cake (UK) Average White Band
32%
United We Stand, Figaro, Oh Boy (The Mood I'm In) (UK) Brotherhood Of Man
29%
Blue, The Flame, Good Thing (UK) Fine Young Cannibals
25%
Temple of Love, This Corrosion, Dominion (UK/US) Sisters of Mercy
25%
The magic Number, Me Myself And I, Oooh (US) De La Soul
18%
Genius Of Love, Under The Boardwalk, Wordy Rappinghood (US) Tom Tom Club
18%
Surrender, Breakout, Am I The Same Girl (UK) Swing Out Sister
14%
The key The Secret, Feels Like Heaven, Sail Away (UK) Urban Cookie Collective
14%
Northern Lites, Golden Retriever, Something 4 The Weekend (UK) Super Furry Animals
11%
Martha's Harbour, In The Clouds, The Dreamer (UK) All About Eve
7%
Love Unlimited, Loco, Korean Bodega (US) Fun Lovin Criminals
4%
No matching quizzes found
Score Distribution
Percent of People with Each Score
Percentile by Number Answered
Your Score History
You have not taken this quiz